| 000 | 00395nam a2200181Ia 4500 | ||
|---|---|---|---|
| 100 | _aBards/Allen J/ Faulkner/Larry | ||
| 650 | _aElectrochemical | ||
| 250 | _a2 | ||
| 942 | _cBK | ||
| 366 | _f15 | ||
| 654 | _aelectrochemical | ||
| 245 | _aElectrochemical Methods | ||
| 260 |
_bWiley _aNew Delhi _c2004 |
||
| 082 |
_a541.37/BAR _bBAR |
||
| 300 | _a833 | ||
| 546 | _aENGLISH | ||
| 999 |
_c35298 _d35298 |
||